New Orleans Pelicans Top 10 Leaders - Statistics

General Stats
  • This quiz has been taken 706 times
    9 since last reset
  • The average score is 10 of 21
Answer Stats
Player % Correct
Anthony Davis
100%
Baron Davis
100%
Brandon Ingram
100%
Chris Paul
100%
Zion Williamson
100%
Jrue Holiday
88%
CJ McCollum
63%
Herbert Jones
63%
Jonas Valančiūnas
63%
David West
50%
Trey Murphy III
50%
P.J. Brown
38%
Tyson Chandler
38%
Yves Missi
25%
Emeka Okafor
13%
Greivis Vasquez
13%
Jamaal Magloire
13%
Jose Alvarado
13%
Tyreke Evans
13%
Rasual Butler
0%
Ryan Anderson
0%
No matching quizzes found
Score Distribution
Percent of People with Each Score
Percentile by Number Answered
Your Score History
You have not taken this quiz since the last reset